banner

Tecnología educativa: (Registro nro. 1108)

000 -LEADER
fixed length control field 02610nam a2200349 a 4500
003 - CONTROL NUMBER IDENTIFIER
control field AR-BaISA
005 - DATE AND TIME OF LATEST TRANSACTION
control field 20220916112507.0
006 - FIXED-LENGTH DATA ELEMENTS--ADDITIONAL MATERIAL CHARACTERISTICS
fixed length control field a||||fr|||| 00| 0
007 - PHYSICAL DESCRIPTION FIXED FIELD--GENERAL INFORMATION
fixed length control field ta
008 - FIXED-LENGTH DATA ELEMENTS--GENERAL INFORMATION
fixed length control field 220916s 2005ag ||||f |||| 00| 0 spa d
020 ## - INTERNATIONAL STANDARD BOOK NUMBER
International Standard Book Number 9501261107
040 ## - CATALOGING SOURCE
Language of cataloging spa
Transcribing agency AR-BaISA
082 ## - DEWEY DECIMAL CLASSIFICATION NUMBER
Edition number 22
Classification number 370.778 L738
245 00 - TITLE STATEMENT
Title Tecnología educativa:
Remainder of title política, historias, propuestas /
Statement of responsibility, etc. Compilado por Edith Litwin; Marta Libedinsky, Laura Liguori, Carina Lion, Marilina Lipsman, Mariana Maggio, Anahí Mansur, Martha Scheimberg, Hebe Roig
260 ## - PUBLICATION, DISTRIBUTION, ETC.
Place of publication, distribution, etc. Buenos Aires:
Name of publisher, distributor, etc. Paidós,
Date of publication, distribution, etc. 2005
300 ## - PHYSICAL DESCRIPTION
Extent [289] p.
490 ## - SERIES STATEMENT
Serie Cuestiones de educación
Volume/sequential designation 10
504 ## - BIBLIOGRAPHY, ETC. NOTE
Bibliography, etc. note Bibliografía al final de cada capítulo
505 ## - FORMATTED CONTENTS NOTE
Title LA TECNOLOGÍA EDUCATIVA: POLÍTICAS Y PROYECTOS. UNA DEFINICIÓN DEL CAMPO:
-- Edith Litwin / Los cambios educativos: calidad e innovación en el marco de la tecnología educativa --
-- Mariana Maggio / El campo de la tecnología educativa: algunas aperturas para su reconceptualización --
-- Carina Gabriela Lion / Mitos y realidades en la tecnología educativa --
-- LA TECNOLOGÍA Y LA EDUCACIÓN. ENTRE HISTORIAS Y UTOPÍAS:
-- Martha Scheimberg / Educación y comunicación. La radio y la radio educativa --
-- Hebe Roig / Un análisis comunicacional de la televisión en la escuela --
-- Laura M. Liguori / Las nuevas tecnologías de la información y la comunicación en el marco de los viejos problemas y desafíos educativos --
-- Marilina Lipsman / El material impreso: un viejo medio en el marco de proyectos educativos actuales --
-- Edith Litwin / Cuestiones y tendencias de la investigación en el campo de la tecnología educativa --
-- LA TECNOLOGÍA EDUCATIVA Y LA ESCUELA. NUESTRA PROPUESTA:
-- Edith Litwin / Los medios en la escuela --
-- Marta Libedinsky / Hacia una lectura comprensiva de los libros escolares --
-- Anahí Mansur / La utilización de los mensajes de los medios en la escuela --
-- Marta Libedinsky / Los museos y las escuelas: de la visita turística a la visita de descubrimiento --
-- Marta Libedinsky / La utilización del correo electrónico en la escuela
650 14 - SUBJECT ADDED ENTRY--TOPICAL TERM
9 (RLIN) 896
Topical term or geographic name entry element Tecnología educativa
650 14 - SUBJECT ADDED ENTRY--TOPICAL TERM
9 (RLIN) 895
Topical term or geographic name entry element Tecnologías de la información
700 1# - ADDED ENTRY--PERSONAL NAME
9 (RLIN) 2538
Personal name Litwin, Edith
Relator term comp.
700 1# - ADDED ENTRY--PERSONAL NAME
9 (RLIN) 2539
Personal name Libedinsky, Marta
Relator term aut.
700 1# - ADDED ENTRY--PERSONAL NAME
9 (RLIN) 2540
Personal name Liguori, Laura
Relator term aut.
700 1# - ADDED ENTRY--PERSONAL NAME
9 (RLIN) 2204
Personal name Lion, Carina
Relator term aut.
700 1# - ADDED ENTRY--PERSONAL NAME
9 (RLIN) 2541
Personal name Lipsman, Marilina
Relator term aut.
700 1# - ADDED ENTRY--PERSONAL NAME
9 (RLIN) 894
Personal name Maggio, Mariana
Relator term aut.
700 1# - ADDED ENTRY--PERSONAL NAME
9 (RLIN) 2542
Personal name Mansur, Anahí
Relator term aut.
700 1# - ADDED ENTRY--PERSONAL NAME
9 (RLIN) 2543
Personal name Scheimberg, Martha
700 1# - ADDED ENTRY--PERSONAL NAME
9 (RLIN) 2544
Personal name Roig, Hebe
Relator term aut.
942 ## - ADDED ENTRY ELEMENTS (KOHA)
Source of classification or shelving scheme
Koha item type Libros
Edition 22
Existencias
Withdrawn status Lost status Source of classification or shelving scheme Damaged status Not for loan Permanent Location Current Location Date acquired Inventory number Full call number Barcode Date last seen Price effective from Koha item type
          Biblioteca ISALUD. Dr. Néstor Rodríguez Campoamor Biblioteca ISALUD. Dr. Néstor Rodríguez Campoamor 2022-09-16 1846 370.778 L738 1846 2022-09-16 2022-09-16 Libros